000 00757nam a2200277 i 4500
001 bg
245 7 0 _nT. 5,
_aWielka encyklopedia geografii świata.
_cJan Tamulewicz.
_pPogoda i klimat Ziemi /
260 _aPoznań :
_bWydaw. Kurpisz,
_c1997.
300 _a359, [1] s. :
_bfot., rys. kolor. ;
_c30 cm.
504 _aIndeks.
650 9 _aGeografia
650 9 _aAtmosfera
650 9 _aPogoda
650 9 _aKlimat
655 _aEncyklopedie
700 1 _aTAMULEWICZ, Jan
020 _a8386600373 (całość)
020 _a8386600713 (t.5)
040 _cBPK
041 0 _apl
080 _a91:551.5](03)
920 _a83-86600-37-3 (całość)
920 _a83-86600-71-3 (t.5)
942 _cKS
008 s pl f |000 0 pol
999 _c31245
_d31245
856 _uhttp://koha.tu.koszalin.pl/cgi-bin/koha/opac-detail.pl?biblionumber=31245
_yKatalog online BPK